Diritto delle Pandette / (Record no. 142220)
[ view plain ]
| 000 -LEADER | |
|---|---|
| campo de control de longitud fija | 00610nam a2200181 i 4500 |
| 001 - NÚMERO DE CONTROL | |
| campo de control | 142220 |
| 003 - IDENTIFICADOR DE NÚMERO DE CONTROL | |
| campo de control | ES-MaACL |
| 005 - FECHA Y HORA DE LA ÚLTIMA TRANSACCIÓN | |
| campo de control | 20230906200455.0 |
| 007 - CAMPO FIJO DE DESCRIPCIÓN FÍSICA--INFORMACIÓN GENERAL | |
| campo de control de longitud fija | t| |
| 008 - DATOS DE LONGITUD FIJA--INFORMACIÓN GENERAL | |
| campo de control de longitud fija | 071003m19021930it ||||1| ita d |
| 100 1# - ENTRADA PRINCIPAL--NOMBRE DE PERSONA | |
| Nombre de persona | Windscheid, Bernhard. |
| 9 (RLIN) | 117069 |
| 245 10 - MENCIÓN DEL TÍTULO | |
| Título | Diritto delle Pandette / |
| Mención de responsabilidad, etc. | Bernardo Windscheid ; prima traduzione italiana... dagli avvocatti Carlo Fadda, Paolo Emilio Bensa. |
| 260 ## - PUBLICACIÓN, DISTRIBUCIÓN, ETC. | |
| Lugar de publicación, distribución, etc. | Torino : |
| Nombre del editor, distribuidor, etc. | Unione Tipografico-Editrice, |
| Fecha de publicación, distribución, etc. | 1902-1930. |
| 300 ## - DESCRIPCIÓN FÍSICA | |
| Extensión | 5 t. en 7 v. ; |
| Dimensiones | 24 cm. |
| 700 1# - ENTRADA AGREGADA--NOMBRE PERSONAL | |
| Nombre de persona | Fadda, Carlo. |
| 9 (RLIN) | 48606 |
| 700 1# - ENTRADA AGREGADA--NOMBRE PERSONAL | |
| Nombre de persona | Bensa, Paolo Emilio. |
| 9 (RLIN) | 27770 |
| 852 ## - LOCALIZACIÓN | |
| Ubicación | ES-MaACL |
| Número de control de estantería | B-13077-83 |
| Estatus retirado | Estado de pérdida | Estado de daño | No para préstamo | Biblioteca de origen | Biblioteca actual | Ubicación en estantería | Fecha de adquisición | Fuente de adquisición | Total de préstamos | Signatura topográfica completa | Código de barras | Visto por última vez | Precio de reemplazo | Tipo de ítem Koha |
|---|---|---|---|---|---|---|---|---|---|---|---|---|---|---|
| Biblioteca del Ateneo de Madrid | Biblioteca del Ateneo de Madrid | Sala Pardo Bazán | 17/01/2008 | B-13077-83 | 1147981 | 23/02/2023 | 23/02/2023 | Libro impreso |
